Top 90 Länder nach Einwohner - Statistiken

Allgemein
  • Dieses Quiz wurde 17 mal gespielt
  • Das Durchschnittsergebnis liegt bei 78 aus 90
Antwortstatistiken
Anzahl Einwohner (2022) Länder % Korrekt
41'100'000 Afghanistan
100%
103'500'000 Ägypten
100%
44'900'000 Algerien
100%
46'200'000 Argentinien
100%
123'400'000 Äthiopien
100%
214'800'000 Brasilien
100%
1'436'600'000 China
100%
99'000'000 Demokratische Republik Kongo
100%
83'300'000 Deutschland
100%
65'800'000 Frankreich
100%
67'600'000 Grossbritannien
100%
1'417'200'000 Indien
100%
275'500'000 Indonesien
100%
44'500'000 Irak
100%
88'600'000 Iran
100%
58'900'000 Italien
100%
124'900'000 Japan
100%
22'600'000 Mali
100%
127'500'000 Mexiko
100%
26'200'000 Niger
100%
218'500'000 Nigeria
100%
235'800'000 Pakistan
100%
144'300'000 Russland
100%
10'500'000 Schweden
100%
47'400'000 Spanien
100%
60'600'000 Südafrika
100%
51'600'000 Südkorea
100%
332'800'000 Vereinigte Staaten
100%
25'800'000 Australien
94%
171'200'000 Bangladesch
94%
11'600'000 Belgien
94%
38'800'000 Kanada
94%
19'200'000 Kasachstan
94%
49'100'000 Kolumbien
94%
32'700'000 Malaysia
94%
36'700'000 Marokko
94%
17'700'000 Niederlande
94%
33'400'000 Peru
94%
115'600'000 Philippinen
94%
38'000'000 Polen
94%
36'700'000 Saudi-Arabien
94%
17'900'000 Senegal
94%
22'100'000 Syrien
94%
85'200'000 Türkei
94%
41'000'000 Ukraine
94%
99'400'000 Vietnam
94%
35'600'000 Angola
88%
12'200'000 Bolivien
88%
18'000'000 Ecuador
88%
33'500'000 Ghana
88%
54'200'000 Myanmar
88%
46'900'000 Sudan
88%
65'500'000 Tansania
88%
66'800'000 Thailand
88%
17'700'000 Tschad
88%
28'300'000 Venezuela
88%
1'980'000 Chile
81%
10'600'000 Griechenland
81%
33'700'000 Jemen
81%
16'800'000 Kambodscha
81%
54'000'000 Kenia
81%
26'100'000 Nordkorea
81%
19'000'000 Rumänien
81%
20'000'000 Sambia
81%
17'600'000 Somalia
81%
23'200'000 Taiwan
81%
11'800'000 Tunesien
81%
35'600'000 Usbekistan
81%
28'200'000 Elfenbeinküste
75%
11'200'000 Jordanien
75%
29'600'000 Madagaskar
75%
30'900'000 Nepal
75%
10'300'000 Portugal
75%
22'400'000 Sri Lanka
75%
11'600'000 Haiti
69%
27'900'000 Kamerun
69%
33'000'000 Mosambik
69%
16'300'000 Simbabwe
69%
13'400'000 Benin
63%
22'700'000 Burkina Faso
63%
12'900'000 Burundi
63%
17'800'000 Guatemala
63%
13'900'000 Guinea
63%
11'100'000 Kuba
63%
10'900'000 Südsudan
63%
10'500'000 Tschechien
63%
47'200'000 Uganda
63%
11'200'000 Dominikanische Republik
56%
20'400000 Malawi
56%
13'800'000 Ruanda
56%
Keine übereinstimmenden Quizze gefunden
Verteilung der Resultate
Anzahl Personen mit jedem Resultat
Perzentil nach korrekt beantworteten Fragen
Ihre Resultats-Entwicklung
Sie haben dieses Quiz noch nicht gespielt